| 000 | 00743nam a2200169 4500 | ||
|---|---|---|---|
| 999 |
_c7647 _d7647 |
||
| 020 | _a9781754028 | ||
| 050 |
_aPE3502 _b.Us2 |
||
| 100 | _aOluikpe, Benson Omenihu A | ||
| 245 |
_aThe use of ENGLISH for higher education / _cB. O. A. Oluikpe |
||
| 250 | _aNew ed. | ||
| 260 |
_aOnitsha, Nigeria; _bAfricana-First Publishers Ltd, _c1981. |
||
| 300 |
_aix, 422pages; _c12cm. |
||
| 500 | _aIncludes index | ||
| 505 | _aPart 1. Developing study skill Part 2. Preparing for effective writing Part 3. Developing general writing skill Part 4. Developing functional writing skill Part 5. Developing research techniques and research writing | ||
| 650 |
_aLearning the English Language / _xskill development for higher learning students |
||
| 942 | _cBK | ||